|
|
|
|
| LEADER |
00000nam0a2200000 4500 |
| 001 |
676658 |
| 005 |
20241118090021.0 |
| 090 |
|
|
|a 676658
|
| 100 |
|
|
|a 20241116d1979 k||y0rusy50 ca
|
| 101 |
0 |
|
|a rus
|
| 102 |
|
|
|a RU
|
| 105 |
|
|
|a a z 001yy
|
| 181 |
|
0 |
|a i
|b e
|
| 182 |
|
0 |
|a n
|
| 183 |
|
0 |
|a nc
|2 RDAcarrier
|
| 200 |
1 |
|
|a Декабристы - участники войн 1805-1814 гг.
|f Л. Я. Павлова
|g АН СССР
|
| 203 |
|
|
|a Текст
|b визуальный
|c непосредственный
|
| 210 |
|
|
|a Москва
|c Наука
|d 1979
|
| 215 |
|
|
|a 128 с.
|c ил.
|
| 225 |
1 |
|
|a Страницы истории нашей Родины
|
| 283 |
|
|
|a volume
|2 RDAcarrier
|
| 320 |
|
|
|a Литература: с.126
|
| 606 |
1 |
|
|a Декабристы
|9 81899
|
| 610 |
1 |
|
|a революционеры
|
| 610 |
1 |
|
|a Отечественная война
|
| 610 |
1 |
|
|a Бородинская битва
|
| 610 |
1 |
|
|a русско-шведская война
|
| 610 |
1 |
|
|a русско-турецкая война
|
| 610 |
1 |
|
|a Германия
|
| 610 |
1 |
|
|a Франция
|
| 686 |
|
|
|2 rubbk
|a Т3(2)521-425
|
| 700 |
|
1 |
|a Павлова
|b Л. Я.
|g Лия Яковлевна
|
| 712 |
0 |
2 |
|a Академия наук СССР
|c (Ленинград/Москва)
|c (1925-1991)
|4 570
|9 23473
|
| 801 |
|
0 |
|a RU
|b 63413507
|c 20241116
|
| 830 |
|
|
|a Ретро2024Каталогизация Мотырева
|
| 850 |
|
|
|a 63413507
|
| 942 |
|
|
|c BK
|